Culture Générale - Série 104 - Statistiques

Statistiques générales
  • Ce quiz a été pris 622 fois
  • Le résultat moyen est 5 sur 10
Statistiques - réponses
Question Réponse % Correct
Comment appelle-t-on les habitants d'Angers ? Angevins
80%
Dans quel Etat des Etats-Unis se trouve la ville de Las Vegas ? Nevada
77%
Quel était le surnom du peintre Henri Rousseau ? Le Douanier
65%
Qui fait "perdre la tête" à Dany Brillant dans sa chanson de 1991 ? Suzette
65%
Quel compositeur a été incarné par Tom Hulce et Lorànt Deutsch ? Mozart
61%
Dans quelle ville est situé le siège de la Banque centrale européenne ? Francfort
50%
Dans quel pays se trouve la ville de Bayreuth ? Allemagne
43%
Qui vend sa maison en viager à Michel Galabru dans un film de 1971 ? Michel Serrault
31%
A quel groupe mythique doit-on le tube "Wish You Where Here" ? Pink Floyd
30%
Quel surnom porte Joëlle Mazart incarnée par Véronique Jannot ? Pause-café
20%
Aucun quiz correspondant
Distribution des résultats
% des personnes avec chaque résultat
Percentile par nombre de réponses
Votre historique - résultats
Vous n’avez pas pris ce quiz